Advanced programming using Visual Basic, version 6.0 / (Record no. 61846)
[ view plain ]
| 000 -LEADER | |
|---|---|
| fixed length control field | 01353cam a2200313 a 4500 |
| 001 - CONTROL NUMBER | |
| control field | 11884195 |
| 003 - CONTROL NUMBER IDENTIFIER | |
| control field | NUST-PNEC |
| 005 - DATE AND TIME OF LATEST TRANSACTION | |
| control field | 20170116180733.0 |
| 008 - FIXED-LENGTH DATA ELEMENTS--GENERAL INFORMATION | |
| fixed length control field | 000107s2001 maua 001 0 eng |
| 010 ## - LIBRARY OF CONGRESS CONTROL NUMBER | |
| LC control number | 00020914 |
| 020 ## - INTERNATIONAL STANDARD BOOK NUMBER | |
| International Standard Book Number | 0072398159 |
| 020 ## - INTERNATIONAL STANDARD BOOK NUMBER | |
| International Standard Book Number | 0072414200 (disk) |
| 040 ## - CATALOGING SOURCE | |
| Original cataloging agency | DLC |
| Transcribing agency | PNEC |
| 042 ## - AUTHENTICATION CODE | |
| Authentication code | pcc |
| 050 00 - LIBRARY OF CONGRESS CALL NUMBER | |
| Classification number | QA76.73.B3 |
| Item number | B695 2001 |
| 082 00 - DEWEY DECIMAL CLASSIFICATION NUMBER | |
| Classification number | 005.268 BRA |
| Edition number | 21 |
| 100 1# - MAIN ENTRY--PERSONAL NAME | |
| Personal name | Bradley, Julia Case. |
| 245 10 - TITLE STATEMENT | |
| Title | Advanced programming using Visual Basic, version 6.0 / |
| Statement of responsibility, etc. | Julia Chase Bradley, Anita C. Millspaugh. |
| 246 14 - VARYING FORM OF TITLE | |
| Title proper/short title | Advanced programming using Visual Basic 6 |
| 260 ## - PUBLICATION, DISTRIBUTION, ETC. | |
| Place of publication, distribution, etc. | Boston : |
| Name of publisher, distributor, etc. | Irwin/McGraw-Hill, |
| Date of publication, distribution, etc. | c2001. |
| 300 ## - PHYSICAL DESCRIPTION | |
| Extent | xiv, 655 p. : |
| Other physical details | ill. ; |
| Dimensions | 28 cm. |
| 500 ## - GENERAL NOTE | |
| General note | Includes index. |
| 538 ## - SYSTEM DETAILS NOTE | |
| System details note | System requires for accompanying computer disk: IBM PC, or 100% compatible with a Pentium/90 MHz processor, 16MB of RAM, 4x CD-ROM; Microsoft Windows 95 or higher. |
| 630 00 - SUBJECT ADDED ENTRY--UNIFORM TITLE | |
| Uniform title | Visual Basic. |
| General subdivision | MIS, Computer |
| 856 ## - ELECTRONIC LOCATION AND ACCESS | |
| Uniform Resource Identifier | <a href="http://www.amazon.com/Advanced-Programming-Visual-Basic-6-0/dp/0072398159/ref=sr_1_1?ie=UTF8&qid=1416384488&sr=8-1&keywords=0072398159">http://www.amazon.com/Advanced-Programming-Visual-Basic-6-0/dp/0072398159/ref=sr_1_1?ie=UTF8&qid=1416384488&sr=8-1&keywords=0072398159</a> |
| 906 ## - LOCAL DATA ELEMENT F, LDF (RLIN) | |
| a | 7 |
| b | cbc |
| c | orignew |
| d | 1 |
| e | ocip |
| f | 20 |
| g | y-gencatlg |
| 942 ## - ADDED ENTRY ELEMENTS (KOHA) | |
| Source of classification or shelving scheme | |
| Koha item type | Book |
| Withdrawn status | Lost status | Source of classification or shelving scheme | Damaged status | Not for loan | Permanent Location | Current Location | Shelving location | Date acquired | Source of acquisition | Cost, normal purchase price | Total Checkouts | Full call number | Barcode | Date last seen | Cost, replacement price | Price effective from | Koha item type |
|---|---|---|---|---|---|---|---|---|---|---|---|---|---|---|---|---|---|
| Pakistan Navy Engineering College (PNEC) | Pakistan Navy Engineering College (PNEC) | 05/22/2003 | Library Grant | 1390.00 | 005.268 BRA | PNECLIB-025970 | 11/19/2014 | 1390.00 | 05/22/2003 | Book |
